000 00493nam a22001577a 4500
003 OSt
005 20151001133153.0
008 151001b xxu||||| |||| 00| 0 eng d
040 _cRUA
082 _aAGR NGU 2005 B062 Or.1
100 _91679
_aNGUON, HUONG.
245 _aEffet de l'engrais organique et mine`ral sur la culture de laitue a` la station expe`rimentale de l'universite` royale d'agriculture.
260 _aphnom phen
_bRUA
_c2005
300 _a43p.
_bill.
_c29cm.
942 _2ddc
_cAGR
999 _c1581
_d1581